000 00376 a2200169 4500
001 184876
020 _a85-262-4814-6
040 _cMagnum
100 _aRodrigues, Sonia
240 1 0 _aO Ășltimo dos moicanos
_lpor
245 1 0 _aO Ășltimo dos moicanos
300 _a88
362 0 _a2003
440 1 _aScipione
697 _aLITERATURA JUVENIL ESTRANGEIRA
942 _cBK
999 _c184876
_d184876